000 00828nab a2200241 u 4500
001 08028
003 HDC
007 cr bn ---aaaaa
008 210129c2012 my dr|nes 0 a eng d
040 _aHDC
100 _aHamisah Hamid
_eauthor
_98539
245 0 _aLocal SMEs Adapt Well / by
_cHamisah Hamid
260 _aKuala Lumpur :
_bThe New Straits Times Press (M) Bhd.,
_c2012
336 _atext
_2rdacontent
337 _acomputer
_2rdamedia
338 _aonline resource
_2rdacarrier
650 _aeconomic industry
_98541
650 _asmall and medium enterprises
_zMalaysia
_98540
856 _zRequest full-text at [email protected]
942 _2lcc
942 _cNEWS
942 _kNWSC 002301
999 _c5351
_d5351